| 000 | 00613nam a22001932 4500 | ||
|---|---|---|---|
| 001 | 0000007246 | ||
| 005 | 20151217155832.0 | ||
| 008 | 071206s xx 000 0 eng d | ||
| 020 |
_a996691546x : _cKES 225 |
||
| 040 |
_aKABU _cKABU |
||
| 245 | 1 | 0 | _aDestroy corruption before it destroys you and your country. |
| 260 |
_aNairobi : _bClaripress, _c2002. |
||
| 300 | _a57 p. | ||
| 650 | 0 |
_aPolitical corruption _zKenya. _@0000153212 |
|
| 710 | 2 |
_aCentre for Law and Research International (CLARION) _@0000158419 |
|
| 908 | _a071206 | ||
| 950 | _@1 | ||
| 999 |
_c13051 _d13051 |
||